Normal view
MARC view
Entry Topical Term
001 - CONTROL NUMBER
- control field: 60140
003 - CONTROL NUMBER IDENTIFIER
- control field: OSt
005 - DATE AND TIME OF LATEST TRANSACTION
- control field: 20260421150705.0
008 - FIXED-LENGTH DATA ELEMENTS
- fixed length control field: 260421|| aca||aabn | a|a d
040 ## - CATALOGING SOURCE
- Original cataloging agency: OSt
- Transcribing agency: OSt
150 ## - HEADING--TOPICAL TERM
- Topical term or geographic name entry element: Extension services, ICT, Technology adoption, Binary logistic regression
670 ## - SOURCE DATA FOUND
- Source citation: Work cat.: (OSt): Sarma, Paresh Kumar Alam, Mohammad Jahangir and Sayem, Sheikh Mohammad 60139, Simulating the impact of livestock extension services on technology adoption, women’s empowerment, and farm income in Bangladesh
